00489nam a22001697a 450000500170000001000150001702000270003203500140005903700090007308200130008224500710009525000060016626000460017227000610021830000210027970000190030020250509110558.0 aENG-143085 a 9789394336018c595.00 aEN-126617 bDBAD a380.122 aPrinciples of Marketing/cby Parveen Kaur Lamba [and] Parveen Kaur a2 aNew DelhibJSR Publishing House LLPc2023 aWZ 61/8A, Vashisth Park, Pankha Road,bNew Delhie110046 avpp. c24cm.(pb) aKaur, Parveen